Duálne vzdelávanie v Slovenskej republike v kontexte požiadaviek trhu práce

Systémy odborného vzdelávania. Vysoko inštitucionalizovaný systém odborného vzdelávania v Rakúsku, Nemecku a Švajčiarsku. Duálny systém odborného vzdelávania. Duálny systém odborného vzdelávania v Slovenskej republike. Prijatie zákona o odbornom vzdelávaní a príprave. Návrh novely tohto zákona.

Gespeichert in:
Bibliographische Detailangaben
1. Verfasser: Orbánová, Darina
Format: Buchkapitel
Sprache:Slowakisch
Schlagworte:
Tags: Tag hinzufügen
Keine Tags, Fügen Sie das erste Tag hinzu!

MARC

LEADER 00000naa$a2200000$$$4500
001 0248065
005 20240502100642.9
041 0 |a slo 
044 |a SK 
245 1 0 |a Duálne vzdelávanie v Slovenskej republike v kontexte požiadaviek trhu práce  |c Darina Orbánová 
520 |a Systémy odborného vzdelávania. Vysoko inštitucionalizovaný systém odborného vzdelávania v Rakúsku, Nemecku a Švajčiarsku. Duálny systém odborného vzdelávania. Duálny systém odborného vzdelávania v Slovenskej republike. Prijatie zákona o odbornom vzdelávaní a príprave. Návrh novely tohto zákona. 
610 2 0 |a vzdelávanie duálne 
610 2 0 |a školy odborné 
610 2 0 |a trh práce 
610 2 0 |a zamestnanosť 
610 2 0 |a legislatíva 
100 1 |a Orbánová, Darina